| 000 | 00579nam a2200145Ia 4500 | ||
|---|---|---|---|
| 008 | 090122s9999 xx 000 0 und d | ||
| 082 |
_b3695 _a616 |
||
| 100 |
_aदेशमुख _bअविनाश _cडॉ |
||
| 245 | _aपुर्नजन्म - एक प्रत्यक्ष अनुभव | ||
| 600 | _aदेशमुख | ||
| 630 | _aपुर्नजन्म - एक प्रत्यक्ष अनुभव | ||
| 700 | _aदेशमुख | ||
| 730 | _aपुर्नजन्म - एक प्रत्यक्ष अनुभव | ||
| 942 | _cBOOK | ||
| 999 |
_c27773 _d27773 |
||